| 000 | 00513nam a22001697a 4500 | ||
|---|---|---|---|
| 008 | 151021b xxu||||| |||| 00| 0 eng d | ||
| 020 | _a0691078793 | ||
| 041 | 0 | _aeng | |
| 080 | _a141.82 | ||
| 100 | 1 | _aMaier, Charles S. | |
| 245 | 1 | 0 |
_aDissolution : _cCharles S. Maier. |
| 260 |
_aPrinceton, N.J. : _bPrinceton University Press, _c1997. |
||
| 300 |
_axx, 440 f. : _bme il.; _c25 cm. |
||
| 650 | 0 | _aShkenca politike | |
| 650 | 0 | _aKomunizmi | |
| 942 |
_2udc _cBK |
||
| 999 |
_c1328 _d1328 |
||